Art students' anatomy /
Descripción Física:
159 pàg. : il. i fotos b/n ; 26 cm.
Otros Autores:
Farris, L. Augusta S.
Idioma:
Catalán , English
MARC
| LEADER | 00000nam a22000007a 4500 | ||
|---|---|---|---|
| 001 | 24801 | ||
| 003 | AGDB | ||
| 005 | 20260324181534.0 | ||
| 008 | 251001b spa||||| |||| 00| 0 cat d | ||
| 041 | |a eng | ||
| 100 | |a Farris, Edmond J. |9 72400 | ||
| 245 | |a Art students' anatomy / |c by Edmond J. Farris ; drawings by L. Augusta S. Farris | ||
| 250 | |a Second edition revised | ||
| 260 | |a Philadelphia : |a London : |a Montreal : |b J.B. Lippincott Company , |c 1944 | ||
| 300 | |a 159 pàg. : |b il. i fotos b/n ; |c 26 cm. | ||
| 500 | |a Prové del fons Joan Junyer i Pascual (1909-1994) | ||
| 501 | |a Conté un glossari (pàg. 154-159) | ||
| 650 | |a Fons Joan Junyer i Pascual (1909-1994) |9 72777 | ||
| 650 | 0 | |a Anatomia artística |2 Arxiu |9 34177 | |
| 700 | |a Farris, L. Augusta S. |9 72401 |e dibuixos | ||
| 942 | |2 udc |c ARXIU |n 1 | ||
| 952 | |0 0 |1 0 |2 udc |4 0 |6 F5042 |7 1 |9 98376 |a Arxiu |b Arxiu |d 2025-10-01 |l 0 |o F-504-2 |p 24801 |r 2025-10-01 13:08:05 |w 2025-10-01 |y ARXIU | ||
| 999 | |c 130130 |d 130130 | ||